[Event "HCL-M877"]
[Site "www.playchess.de"]
[Date "2006.01.22"]
[Round "8"]
[White "Maccdavid"]
[Black "Pitch"]
[WhiteElo "1637"]
[BlackElo "2037"]
[PlyCount "56"]
[Result "0-1"]

1.e4 {Hello and good luck}  c6 {Same to you}  
2.Nc3 d5 3.Nf3 Bg4 4.h3 Bxf3 5.gxf3 d4 6.Nb1 Nf6 
7.Bc4 Nbd7 8.d3 e6 9.a3 Qa5+ 10.Bd2 Qb6 11.b4 Ne5 
12.Bb3 c5 13.bxc5 {Sorry about delay. Happy New 
Year!}  Bxc5 14.f4 Nc6 15.e5 Nd5 16.Bxd5 exd5 
17.Bc1 O-O 18.Rg1 f6 19.Qg4 Qc7 20.e6 f5 21.Qg2 
Rad8 22.Nd2 Rf6 23.Nf3 Rg6 24.Ng5 h6 25.h4 hxg5 
26.fxg5 Rxe6+ 27.Kf1 Rde8 28.g6 
R6e1+ 0-1

[Event "HCL-C3996"]
[Site "www.playchess.de"]
[Date "2006.01.22"]
[Round "1"]
[White "syrus"]
[Black "Sporang"]
[WhiteElo "800"]
[BlackElo "1200"]
[PlyCount "94"]
[Result "0-1"]

1.e4 e5 2.Nf3 Nc6 3.Bb5 a6 4.Bxc6 bxc6 5.O-O f6 
6.d3 d5 7.Re1 Bg4 8.Be3 Bb4 9.c3 Ba5 10.Bc5 Bb6 
11.d4 Bxc5 12.dxc5 Ne7 13.exd5 cxd5 14.Qa4+ Bd7 
15.Qd1 O-O 16.Nbd2 Ng6 17.Re3 Rb8 18.b4 d4 19.Qb3+ 
Kh8 20.cxd4 exd4 21.Nxd4 a5 22.Ne6 Bxe6 23.Qxe6 
Qxd2 24.Qh3 Rfe8 25.Rxe8+ Rxe8 26.g3 Re1+ 27.Rxe1 
Qxe1+ 28.Kg2 Qe4+ 29.Kg1 Qb1+ 30.Kg2 Ne7 31.Qd7 
Qe4+ 32.Kf1 Qc4+ 33.Kg2 Qd5+ 34.Qxd5 Nxd5 35.b5 
Kg8 36.a4 Kf7 37.f4 Ke6 38.Kf3 Kd7 39.h4 c6 40.b6 
Nc3 41.g4 Nxa4 42.b7 Kc7 43.b8Q+ Kxb8 44.f5 Nxc5 
45.g5 fxg5 46.hxg5 Nd7 47.Kg4 a4 0-1

[Event "HCL-C4065"]
[Site "www.playchess.de"]
[Date "2006.01.22"]
[Round "3"]
[White "alauddin"]
[Black "mudelta"]
[WhiteElo "953"]
[BlackElo "1125"]
[PlyCount "49"]
[Result "1-0"]

1.d4 {hello!}  f5 {hi goodluck}  2.Bf4 {thanks, 
you too}  d6 3.e3 Nf6 4.Nc3 Nc6 5.Nf3 h6 6.d5 Nb4 
7.Bb5+ Bd7 8.a3 Bxb5 9.Nxb5 Nbxd5 10.O-O Qd7 11.c4 
Nxf4 12.exf4 d5 13.Ne5 Qd8 14.Ng6 Rg8 15.c5 Qd7 
16.a4 Qc6 17.Rc1 Nh5 18.Qxh5 Kd7 19.Ne5+ Kc8 
20.Nxc6 bxc6 21.Qxf5+ Kb7 22.Qh7 cxb5 23.Qxg8 e6 
24.axb5 Bxc5 25.Qxe6 1-0

[Event "HCL-B3627"]
[Site "www.playchess.de"]
[Date "2006.01.22"]
[Round "3"]
[White "shosan"]
[Black "zemljanin"]
[WhiteElo "1173"]
[BlackElo "1602"]
[PlyCount "84"]
[Result "1/2-1/2"]

1.e4 e6 2.d4 d5 3.e5 c5 4.c3 cxd4 5.cxd4 Be7 6.Nf3 
Bb4+ 7.Nc3 Qc7 8.Bd2 Bd7 9.Bd3 h6 10.a3 Bxc3 
11.Bxc3 a6 12.O-O Nc6 13.Qc2 b5 14.Bb4 Rc8 15.Bd6 
Qb7 16.Qe2 Na5 17.Bc2 Nc4 18.Bc5 Nxb2 19.Rfc1 Nc4 
20.Bb3 Ne7 21.Nd2 a5 22.Nxc4 dxc4 23.Ba2 Nd5 24.a4 
Nb4 25.axb5 Nxa2 26.Qxa2 Qd5 27.Qxa5 Rxc5 28.dxc5 
Qxc5 29.Qa8+ Bc8 30.Qc6+ Qxc6 31.bxc6 f6 32.exf6 
gxf6 33.Rxc4 Ke7 34.Ra7+ Kd6 35.Rf7 f5 36.c7 e5 
37.Rg7 Kd5 38.Rb4 Kc6 39.Rb1 Be6 40.Rb8 Bc8 41.Rg3 
Kxc7 42.Rgb3 Rd8 {(offering draw)} 
 1/2-1/2

[Event "HCL-E1442"]
[Site "www.playchess.de"]
[Date "2006.01.22"]
[Round "9"]
[White "meteoro"]
[Black "jmcerna"]
[WhiteElo "1502"]
[BlackElo "1508"]
[PlyCount "150"]
[Result "0-1"]

1.d4 Nf6 2.g3 {Hola. Buena suerte}  d5 {Hola.  
Suerte}  3.Bg2 c6 4.Bg5 Nbd7 5.e3 g6 6.Nf3 Bg7 
7.O-O h6 8.Bf4 Nh5 9.Be5 Nxe5 10.Nxe5 Qd6 11.Nd3 
O-O 12.Nd2 f5 13.c4 Be6 14.b3 a5 15.Ne5 Bxe5 
16.dxe5 Qxe5 17.Nf3 Qf6 18.Nd4 Bf7 19.cxd5 cxd5 
20.Nb5 Rad8 21.Qd2 e5 22.Qxa5 b6 23.Qb4 Rdc8 
24.Rac1 Ng7 25.Nd6 Rxc1 26.Rxc1 e4 27.Qxb6 Qb2 
28.Rd1 Qc2 29.Qd4 Rd8 30.Nxf7 Kxf7 31.Qd2 Qxd2 
32.Rxd2 Ne6 33.Bf1 Kf6 34.b4 d4 35.Kg2 d3 36.f3 
Ng5 37.fxe4 fxe4 38.a4 Nf3 39.Rd1 Rc8 40.Bxd3 Ke5 
41.Be2 {Una posicion interesante. No te parece?}  
Rc2 {bastante interesante.  Vamos a ver que 
pasa...}  42.Kf2 Nxh2 43.a5 Ng4+ 44.Ke1 Nxe3 
45.Rd8 Nd5 46.b5 Nc3 47.Rd2 Rc1+ 48.Kf2 Nd5 49.Rd1 
e3+ 50.Kf3 Rc2 51.b6 Rb2 52.Rc1 g5 53.g4 Kd4 
54.Rc6 Nf4 55.Rc4+ {todavia no se lo que va a 
pasar.}  Kd5 {yo tampoco...}  56.Rc7 {Y la lucha 
sigue!}  Nxe2 57.Kxe3 Nf4 58.b7 Ne6 59.Rh7 Rb3+ 
60.Kf2 Nc5 61.a6 Nxa6 62.Rxh6 Nc5 63.Rh5 Ne4+ 
64.Kg2 Rxb7 65.Rh3 Rb2+ 66.Kg1 Ke5 67.Rf3 Rb6 
68.Kg2 Rf6 69.Rxf6 Nxf6 70.Kg3 Ke4 71.Kh2 Kf4 
72.Kh3 Nxg4 73.Kg2 Ne3+ 74.Kf2 g4 75.Kg1 
Kg3 0-1

[Event "HCL-T262"]
[Site "www.playchess.de"]
[Date "2006.01.22"]
[Round "3"]
[White "pruliere"]
[Black "reddog"]
[WhiteElo "1840"]
[BlackElo "1802"]
[PlyCount "26"]
[Result "0-1"]

1.e4 e5 2.Nf3 Nc6 3.Bc4 Nf6 4.Ng5 Bc5 5.Nxf7 Qe7 
{Hi Gerard, this looks an interesting opening, 
have a good game.}  6.Nxh8 {Hello Chris, nice to 
meet you again on the Traxler battlefield...Yes, 
very interesting indeed! good luck...}  Bxf2+ 
{Have you come across this opening before as this 
new to me}  7.Kf1 {Yes...a bit.. I read an article 
about the 2 khights defense on chesscafe.com and I 
thought that the Traxler counterattack is very 
funny...But keep the idea of the counter attack in 
mind or you'll lose...In that opening, the fastest 
usually wins..}  Bb6 {I will make my move and then 
have a look at this opening on the web site you 
mentioned. I have a feeling for the Bishops and 
Rooks when playing, I'm not a Knight person so 
this early attack by your Knight is against my 
game plan.}  8.Bf7+ Kd8 9.Bb3 d5 10.exd5 Bg4 
11.Qe1 Ne4 12.Qxe4 Qf6+ 13.Qf3 {Very well done 
Chris...you saw farther than me...I think I'm 
gonna resign next move..I don't think I can hold 
as I can't save my Knight...This traxler is quite 
an opening...Gerard}  Bxf3 {Thankyou....But you 
gave me a clue at about move 7, you said I'd need 
to counterattack and do it quick...So I did!! 
However I did  do a bit of reading as well...} 
 0-1

[Event "HCL-E1501"]
[Site "www.playchess.de"]
[Date "2006.01.22"]
[Round "10"]
[White "DreamGamer"]
[Black "geelboobe4"]
[WhiteElo "1616"]
[BlackElo "2100"]
[PlyCount "29"]
[Result "1-0"]

1.d4 d5 2.c4 Nf6 3.e3 Bg4 4.f3 Bd7 5.cxd5 Nxd5 
6.e4 Nf6 7.Bf4 e6 8.Nc3 Bb4 9.Bc4 Nc6 10.Nge2 O-O 
11.O-O Nh5 12.Be3 Ne7 13.Qb3 Bxc3 14.Nxc3 c6 
15.Qxb7 1-0

[Event "HCL-E1489"]
[Site "www.playchess.de"]
[Date "2006.01.22"]
[Round "7"]
[White "meteoro"]
[Black "garethh"]
[WhiteElo "1511"]
[BlackElo "1848"]
[PlyCount "78"]
[Result "0-1"]

1.e4 {good luck}  c5 {Thanks, you too.}  2.Nf3 d6 
3.Bc4 e6 4.O-O Nf6 5.d3 a6 6.Nc3 b5 7.Bb3 Bd7 
8.Bg5 Be7 9.a3 O-O 10.Qd2 Nc6 11.Ne2 h6 12.Be3 Qc7 
13.Ng3 Ng4 14.c3 Nxe3 15.Qxe3 Na5 16.Ba2 c4 
17.dxc4 Nxc4 18.Qe2 Rac8 19.Bxc4 Qxc4 20.Qxc4 bxc4 
21.Rad1 Ba4 22.Rd2 Rcb8 23.h3 Rb6 24.Rb1 Rfb8 
25.Nd4 g6 26.f3 d5 27.Re2 Bxa3 28.exd5 exd5 29.Ra1 
Bxb2 30.Rxa4 Bxc3 31.Nc2 R6b1+ 32.Kh2 h5 33.h4 a5 
34.Re3 Bd2 35.Re2 c3 36.Na3 R1b4 37.Rxa5 c2 
38.Nxc2 Rxh4+ 39.Kg1 Bxa5 0-1

[Event "HCL-A2471"]
[Site "www.playchess.de"]
[Date "2006.01.22"]
[Round "9"]
[White "Jule"]
[Black "Marius_sah"]
[WhiteElo "1416"]
[BlackElo "1406"]
[PlyCount "114"]
[Result "0-1"]

1.c4 e5 {Hi. Good luck!}  2.e4 {Hi, greetings from 
Hambourg and good luck,too}  Nf6 3.d3 Nc6 4.Nf3 
Bb4+ 5.Nbd2 O-O 6.a3 Bxd2+ 7.Bxd2 d6 8.h3 h6 9.Be2 
Nh7 10.O-O f5 11.Qb3 f4 12.c5+ Kh8 13.cxd6 cxd6 
14.Rac1 Ng5 15.Kh2 Nxf3+ 16.Bxf3 Nd4 17.Qd1 Bd7 
18.Bc3 Ne6 19.d4 exd4 20.Bxd4 Nxd4 21.Qxd4 Bc6 
22.Rfd1 Rf6 23.b4 Qe7 24.Rde1 Rd8 25.Qxa7 g5 
26.Qd4 Qe5 27.Red1 Rg8 28.Rcb1 Be8 29.Rbc1 h5 
30.b5 g4 31.hxg4 hxg4 32.Qxe5 dxe5 33.Be2 g3+ 
34.fxg3 fxg3+ 35.Kg1 Rg7 36.Rd8 Re7 37.Bh5 Rf8 
38.Rc3 Rd7 39.Rxd7 Bxd7 40.Rxg3 Bxb5 41.Bd1 Rd8 
42.Bb3 Bc6 43.Rg4 Rd3 44.Bc4 Rxa3 45.Bd5 Rd3 
46.Rg8+ Kh7 47.Rd8 Kg7 48.Rd6 Bxd5 49.Rxd5 Rxd5 
50.exd5 Kf6 51.Kf2 b5 52.Ke2 b4 53.Kd2 e4 54.g4 b3 
55.d6 b2 56.d7 Ke7 57.Kc2 e3 0-1

[Event "HCL-A2509"]
[Site "www.playchess.de"]
[Date "2006.01.22"]
[Round "28"]
[White "Matu"]
[Black "saemi"]
[WhiteElo "1518"]
[BlackElo "1645"]
[PlyCount "50"]
[Result "1/2-1/2"]

1.Nf3 d5 {Hello from Iceland}  2.b3 {hello from 
germany}  f6 3.d4 c5 4.Bb2 cxd4 5.Bxd4 e5 6.Bb2 
Bc5 7.e3 Be6 8.Nbd2 Nc6 9.a3 Nge7 10.c4 d4 11.exd4 
Nxd4 12.Nxd4 Bxd4 13.Bxd4 Qxd4 14.Nf3 Qc3+ 15.Nd2 
Rd8 16.Qc1 Qxc1+ 17.Rxc1 Kf7 18.Rd1 Rd4 19.Nf3 
Rxd1+ 20.Kxd1 Rd8+ 21.Kc1 Nc6 22.Be2 Nd4 23.Bd1 
Nxf3 24.Bxf3 b6 25.Rd1 Rxd1+ {(offering draw)} 
 1/2-1/2

[Event "HCL-B3775"]
[Site "www.playchess.de"]
[Date "2006.01.22"]
[Round "20"]
[White "Regicide"]
[Black "coca"]
[WhiteElo "986"]
[BlackElo "1167"]
[PlyCount "50"]
[Result "0-1"]

1.e4 {Hello}  e5 {hi}  2.Qh5 Nc6 3.c3 Nf6 4.Qf3 
Be7 5.Bc4 d6 6.d3 Bg4 7.Qg3 O-O 8.Bg5 Be6 9.Bxf6 
Bxf6 10.Nf3 Bxc4 11.dxc4 Ne7 12.Ng5 Bxg5 13.Qxg5 
Ng6 14.Qxd8 Raxd8 15.Na3 a6 16.b4 Nf4 17.Kf1 
{(offering draw) This looks remarkably evenly 
balanced.........}  f5 18.g3 Nh3 19.b5 fxe4 20.Kg2 
Nxf2 21.Rhe1 e3 22.Rxe3 Ng4 23.Re4 h5 24.Rb1 Rf2+ 
25.Kh3 Rxh2+ 0-1

[Event "HCL-A2558"]
[Site "www.playchess.de"]
[Date "2006.01.22"]
[Round "2"]
[White "Baldrick"]
[Black "SMLooking"]
[WhiteElo "1714"]
[BlackElo "1413"]
[PlyCount "45"]
[Result "1-0"]

1.e4 {Greetings and a Happy New Year!}  e5 {hi, 
have a nice game, and Happy new Year to u too!!}  
2.f4 {Thanks!}  exf4 3.Bc4 Qh4+ 4.Kf1 Bc5 5.d4 Bb6 
6.Nc3 Nc6 7.Nf3 Qf6 8.Nd5 Qd8 9.Bxf4 d6 10.Nxb6 
axb6 11.Ng5 Be6 12.d5 Na5 13.dxe6 Nxc4 14.exf7+ 
Kf8 15.fxg8Q+ Rxg8 16.Ne6+ Ke7 17.Bg5+ Kxe6 
18.Qd5+ Kd7 19.Qf7+ Kc8 20.Bxd8 Rxd8 21.Qxc4 Rf8+ 
22.Ke2 Kd7 23.Rhf1 1-0

[Event "HCL-A2540"]
[Site "www.playchess.de"]
[Date "2006.01.22"]
[Round "21"]
[White "padre"]
[Black "jjn2"]
[WhiteElo "1373"]
[BlackElo "1772"]
[PlyCount "34"]
[Result "0-1"]

1.e4 c5 2.c3 d5 3.exd5 Qxd5 4.d4 Nc6 5.Nf3 Bg4 
6.Be2 e6 {Best wishes for 2006! John}  7.O-O Nf6 
8.Bf4 Rd8 9.c4 Qf5 10.Be3 cxd4 11.Nxd4 Bxe2 
12.Qxe2 Nxd4 13.Bxd4 Rxd4 14.Nc3 Bd6 15.g3 Bc5 
16.a3 Qh3 17.Qf3 Ng4 0-1

[Event "HCL-B3685"]
[Site "www.playchess.de"]
[Date "2006.01.22"]
[Round "18"]
[White "gronico"]
[Black "matthew"]
[WhiteElo "1118"]
[BlackElo "1337"]
[PlyCount "99"]
[Result "1-0"]

1.e4 c5 {hi}  2.c3 d6 3.d4 cxd4 4.cxd4 Qb6 5.Nf3 
Bg4 6.d5 Qb4+ 7.Nc3 g6 8.Be2 Nf6 9.O-O Nxe4 
10.Nxe4 Qxe4 11.Re1 Qb4 12.b3 Bg7 13.Bd2 Qc5 
14.Rc1 Qxd5 15.h3 Bf5 16.Bc4 Qc6 17.Bxf7+ Kxf7 
18.Rxc6 Nxc6 19.Qe2 Rhe8 20.g4 Bd7 21.Ng5+ Kg8 
22.Qc4+ e6 23.Nxe6 Bxe6 24.Rxe6 Rxe6 25.Qxe6+ Kh8 
26.Qxd6 Rd8 27.Qf4 Be5 28.Qg5 Rd7 29.Bf4 Bxf4 
30.Qxf4 Rd1+ 31.Kg2 Rd8 32.Qc7 Rb8 33.b4 a6 34.a4 
Kg8 35.b5 axb5 36.axb5 Rf8 37.bxc6 bxc6 38.Qxc6 
Kg7 39.Qd7+ Rf7 40.Qd4+ Kg8 41.Kg3 Rg7 42.f4 Rf7 
43.Qe5 Rf8 44.f5 gxf5 45.gxf5 Rf7 46.Kf4 Rf8 47.f6 
h6 48.Kf5 Rf7 49.Qe8+ Rf8 50.Qg6+ 1-0

[Event "HCL-T262"]
[Site "www.playchess.de"]
[Date "2006.01.22"]
[Round "1"]
[White "FlatoA"]
[Black "pruliere"]
[WhiteElo "1424"]
[BlackElo "1840"]
[PlyCount "22"]
[Result "0-1"]

1.e4 e5 2.Nf3 Nc6 3.Bc4 Nf6 4.Ng5 Bc5 5.Nxf7 Bxf2+ 
6.Kf1 Qe7 7.Nxh8 d5 8.exd5 Nd4 9.h3 Ne4 10.d3 Qf6 
11.Nd2 Ng3+ 0-1

[Event "HCL-A2551"]
[Site "www.playchess.de"]
[Date "2006.01.22"]
[Round "1"]
[White "Nobleman"]
[Black "Josef1901"]
[WhiteElo "1216"]
[BlackElo "1584"]
[PlyCount "68"]
[Result "0-1"]

1.e4 c5 2.Nf3 d6 3.Bc4 e6 4.O-O Qc7 5.d3 Nf6 6.Bg5 
Be7 7.Nc3 Nc6 8.Bb3 O-O 9.Nb5 Qd8 10.h3 a6 11.Nc3 
b5 12.a3 Bb7 13.Re1 h6 14.Bh4 Nd4 15.Nxd4 cxd4 
16.Ne2 e5 17.c3 dxc3 18.Nxc3 Rc8 19.Bxf6 Bxf6 
20.Nd5 Bg5 21.Kh1 Kh8 22.Qf3 Rc5 23.Ba2 Qc8 24.b4 
Rc2 25.Ne3 Rc3 26.Bb1 Rc1 27.Ba2 Rxa1 28.Rxa1 Qc3 
29.Bb1 Qxa1 30.Qd1 Bxe3 31.fxe3 Qxa3 32.Qd2 Rc8 
33.Kh2 Qc3 34.Qf2 f6 0-1

[Event "HCL-A2578"]
[Site "www.playchess.de"]
[Date "2006.01.22"]
[Round "4"]
[White "torbalan"]
[Black "cabe"]
[WhiteElo "1314"]
[BlackElo "1428"]
[PlyCount "20"]
[Result "0-1"]

1.e4 e5 {Hello from Amsterdam. Have a good game!}  
2.Nf3 Nf6 3.Nxe5 d6 4.Nc4 Nxe4 5.Be2 d5 6.Ne3 Bc5 
7.f3 Qh4+ 8.g3 Nxg3 9.Kf2 Ne4+ 10.Kg2 
Qf2+ 0-1

[Event "HCL-A2520"]
[Site "www.playchess.de"]
[Date "2006.01.22"]
[Round "5"]
[White "pop3dan"]
[Black "MindenFele"]
[WhiteElo "1900"]
[BlackElo "1553"]
[PlyCount "61"]
[Result "1-0"]

1.e4 e5 {Nice to meet you. Good luck.}  2.Nf3 
{good luck}  Nc6 3.Bb5 a6 4.Ba4 Nf6 5.O-O Be7 
6.Re1 b5 7.Bb3 O-O 8.c3 d5 9.exd5 Nxd5 10.Nxe5 
Nxe5 11.Rxe5 c6 12.d4 Bd6 13.Re1 Qh4 14.g3 Qh3 
15.Re4 g5 16.Qf1 Qh5 17.Qe2 Qg6 18.Re8 Bf5 19.Rxa8 
Rxa8 20.Bxd5 cxd5 21.Nd2 f6 22.Nf1 Re8 23.Be3 Bh3 
24.Qf3 Re4 25.Nd2 g4 26.Qd1 f5 27.Nxe4 dxe4 28.Qd2 
h5 29.a4 h4 30.axb5 hxg3 31.hxg3 1-0

[Event "HCL-A2553"]
[Site "www.playchess.de"]
[Date "2006.01.22"]
[Round "5"]
[White "pawnstorm"]
[Black "hal1958"]
[WhiteElo "1555"]
[BlackElo "1480"]
[PlyCount "57"]
[Result "1-0"]

1.e4 e5 {have a nice game}  2.Nf3 {Have a nice 
game too}  d6 3.d4 Nf6 4.dxe5 Nxe4 5.exd6 Nxd6 
6.Bd3 Be7 7.O-O O-O 8.Nc3 Nc6 9.Bf4 Be6 10.Re1 a6 
11.h3 Bf6 12.Qd2 Rc8 13.a3 Nc4 14.Qc1 Nd4 15.Nxd4 
Bxd4 16.Bg3 Bxc3 17.bxc3 Nb6 18.Qe3 Re8 19.Qf3 c6 
20.Rab1 Bd5 21.Qh5 Rxe1+ 22.Rxe1 g6 23.Qh6 Qf8 
24.Qe3 Nc4 25.Qa7 Nxa3 26.Qxb7 Nb5 27.c4 Bxc4 
28.Bxc4 Nd4 29.Bxf7+ 1-0

[Event "HCL-A2527"]
[Site "www.playchess.de"]
[Date "2006.01.22"]
[Round "5"]
[White "zemljanin"]
[Black "mrchess"]
[WhiteElo "1437"]
[BlackElo "1432"]
[PlyCount "127"]
[Result "1-0"]

1.e4 {let's rock again}  c5 {yes}  2.Nf3 Nc6 3.Bc4 
e6 4.Nc3 Be7 5.O-O Nf6 6.d4 cxd4 7.Nxd4 O-O 8.Nxc6 
bxc6 9.e5 Nd5 10.Nxd5 cxd5 11.Bd3 a5 12.Be3 Ba6 
13.a3 Qc7 14.f4 Bc5 15.Bxc5 Qxc5+ 16.Kh1 Bxd3 
17.Qxd3 Rfc8 18.c3 Qc4 19.Qxc4 dxc4 20.Rad1 Ra7 
21.Rd6 Rb8 22.Rf2 Kf8 23.Kg1 Rb3 24.Kf1 Ke7 25.Ke1 
Rab7 26.Rdd2 R7b5 27.Kd1 Rc5 28.Kc1 {happy new 
year!}  Rbb5 {thanks you too}  29.Rd4 h6 30.Rfd2 
Rb7 31.h3 Rc6 32.g4 a4 {(offering draw)}  33.h4 
{couple moves more...}  Rc5 34.f5 exf5 35.gxf5 
Rxe5 36.Rxc4 Rxf5 37.Rxa4 g5 38.Re4+ Kf6 39.Rd6+ 
Kg7 40.hxg5 hxg5 41.b4 Rc7 42.Rd3 Rf2 43.a4 Rc8 
44.Red4 Rh8 45.R4xd7 Ra2 46.a5 Rh1+ 47.R3d1 Ra1+ 
{(offering draw)}  48.Kc2 Rh2+ 49.R7d2 Ra2+ 50.Kd3 
Rh3+ 51.Kc4 Ra3 52.R2d3 Rh4+ 53.Kb5 Rh6 54.c4 Ra2 
55.c5 g4 56.R3d6 Rh5 57.Kb6 g3 58.Rg1 Rg5 59.c6 
Rc2 60.c7 Rg4 61.b5 Rgc4 62.Rxg3+ Kh7 63.Rc6 
R4xc6+ 64.bxc6 1-0

[Event "HCL-B3603"]
[Site "www.playchess.de"]
[Date "2006.01.22"]
[Round "11"]
[White "karpova"]
[Black "robert66"]
[WhiteElo "1200"]
[BlackElo "1458"]
[PlyCount "153"]
[Result "1-0"]

1.e4 e5 2.Nf3 Nc6 3.Bc4 Nf6 4.Nc3 Bb4 5.O-O O-O 
6.d4 exd4 7.Nxd4 Bxc3 8.bxc3 d6 9.f3 Ne5 10.Qe2 
Nxc4 11.Qxc4 h6 12.Ba3 Re8 13.Nb5 c5 14.Rfd1 Be6 
15.Qd3 Qb6 16.Nxd6 Red8 17.e5 Nd5 18.Nc4 Qc7 
19.Nd6 Qb6 20.Nc4 Qc7 21.g3 Nb6 22.Nd6 Nc8 23.Nb5 
Rxd3 24.Nxc7 Rxc3 25.Nxa8 Rxa3 26.Nc7 Rxf3 27.Nxe6 
fxe6 28.Rd8+ Rf8 29.Rad1 Ne7 30.R8d7 Nd5 31.Rxb7 
Nc3 32.Rd6 Nxa2 33.Rxa7 Nb4 34.c4 Re8 35.Rc7 Kh7 
36.Rxc5 Kg6 37.Rb5 Nc2 38.c5 Kf5 39.c6 Ne3 40.c7 
Rc8 41.Rc6 Nd5 42.Rb8 Rxc7 43.Rxc7 Nxc7 44.Rb7 Nd5 
45.Rxg7 Ne3 46.Kf2 Ng4+ 47.Kg2 Nxe5 48.Kh3 Nf3 
49.g4+ Kf6 50.Rg8 Kf7 51.Rb8 e5 52.Kg3 Ng5 53.h4 
Ne4+ 54.Kf3 Nd6 55.Rh8 Kg7 56.Rd8 Nf7 57.Rd7 Kf6 
58.Ke4 h5 59.gxh5 Ke6 60.Ra7 Kf6 61.Ra6+ Kg7 
62.Kf5 Nh6+ 63.Kxe5 Ng4+ 64.Kf4 Nf2 65.h6+ Kh7 
66.Kg5 Ne4+ 67.Kg4 Nc5 68.Rc6 Ne4 69.Kf4 Nf2 
70.Rf6 Kg8 71.Kf5 Kh7 72.h5 Nd3 73.Kg5 Nc5 74.Rf7+ 
Kg8 75.h7+ Kxf7 76.h8Q Ne4+ 77.Kf4 1-0

[Event "HCL-C4088"]
[Site "www.playchess.de"]
[Date "2006.01.22"]
[Round "8"]
[White "pytolo98"]
[Black "nico21"]
[WhiteElo "1226"]
[BlackElo "1510"]
[PlyCount "82"]
[Result "0-1"]

1.e4 c5 2.Bc4 e6 3.d3 d5 4.exd5 exd5 5.Bb5+ Bd7 
6.a4 Nf6 7.Bg5 h6 8.Bxf6 Qxf6 9.h3 Qxb2 10.Nd2 
Bxb5 11.axb5 Qxb5 12.Rb1 Qc6 13.Ne2 Bd6 14.O-O b6 
15.d4 O-O 16.Rc1 c4 17.c3 Re8 18.Ng3 Nd7 19.Nf5 
Nf6 20.Nf3 b5 21.N3h4 a5 22.Ra1 b4 23.Nxd6 Qxd6 
24.Nf5 Qd7 25.Ng3 b3 26.Qf3 a4 27.Ra3 Reb8 28.Rb1 
Qd6 29.Nf5 Qxa3 30.Qg3 Qf8 31.Nxh6+ Kh7 32.Nf5 a3 
33.Qh4+ Kg8 34.Re1 Ra7 35.g4 b2 36.g5 Nh7 37.f4 
b1Q 38.Rxb1 Rxb1+ 39.Kg2 a2 40.Kf3 a1Q 41.Kg4 
Rg1+ 0-1

[Event "HCL-A2545"]
[Site "www.playchess.de"]
[Date "2006.01.22"]
[Round "2"]
[White "ippuli"]
[Black "hajken"]
[WhiteElo "1637"]
[BlackElo "1900"]
[PlyCount "50"]
[Result "0-1"]

1.e4 {Hello! Good luck...}  e5 {good luck to you 
too}  2.d4 exd4 3.c3 Ne7 4.Bc4 d5 5.exd5 Nxd5 
6.Qh5 Be6 7.Nf3 dxc3 8.O-O cxb2 9.Bxb2 Nf4 10.Qb5+ 
c6 11.Qxb7 Bxc4 12.Re1+ Ne2+ 13.Kh1 Nd7 14.Nc3 Bc5 
15.Nxe2 O-O 16.Qxc6 Rc8 17.Qe4 Bxf2 18.Ref1 Re8 
19.Qg4 Nf6 20.Bxf6 Qxf6 21.Nfd4 Rcd8 22.Rac1 Rxd4 
23.Qxd4 Qxd4 24.Nxd4 Bxf1 25.Rxf1 
Bxd4 0-1

[Event "ACL-T167"]
[Site "www.playchess.de"]
[Date "2006.01.22"]
[Round "34"]
[White "Goofy"]
[Black "BDG_Girl"]
[WhiteElo "1923"]
[BlackElo "1753"]
[PlyCount "64"]
[Result "0-1"]

1.e4 c6 2.d4 d5 3.e5 Bf5 4.h4 h5 5.Ne2 Bg4 6.f3 
Bc8 7.c3 e6 8.Bg5 Be7 9.Qd2 f6 10.exf6 gxf6 11.Bf4 
Nd7 12.Qc2 Nh6 13.Ng3 Nf7 14.Nd2 Nf8 15.O-O-O Bd6 
16.Ne2 Qc7 17.g3 Bd7 18.c4 O-O-O 19.Kb1 Bxf4 
20.Nxf4 e5 21.dxe5 fxe5 22.Ne2 Kb8 {Merry 
Christmas and my God Bless you and your family!}  
23.Rc1 {I wish you the same! ;o))}  d4 24.Re1 Nd6 
25.Nc1 Nf5 26.Ne4 Ne3 27.Qb3 Bf5 28.Bd3 Nd7 29.c5 
Bxe4 30.Bxe4 Nxc5 31.Qb4 Nxe4 32.fxe4 
Qh7 0-1

[Event "HCL-B3708"]
[Site "www.playchess.de"]
[Date "2006.01.22"]
[Round "8"]
[White "filbert"]
[Black "Regicide"]
[WhiteElo "1500"]
[BlackElo "949"]
[PlyCount "41"]
[Result "1-0"]

1.d4 Nf6 {Hello}  2.c4 c6 3.Nc3 e6 4.Bg5 Qa5 5.Nf3 
Ne4 6.Bd2 Nxd2 7.Qxd2 Qc7 8.e4 d5 9.Bd3 Be7 10.O-O 
e5 11.exd5 c5 12.Nxe5 cxd4 13.Nb5 Qxe5 14.Rfe1 O-O 
15.Rxe5 Bf6 16.Ree1 a6 17.Nc7 Ra7 18.Qf4 Nd7 
19.Qe4 b5 20.d6 Nc5 21.Qxh7+ 1-0

[Event "ACL-A649"]
[Site "www.playchess.de"]
[Date "2006.01.22"]
[Round "9"]
[White "wurmt"]
[Black "dudi"]
[WhiteElo "1412"]
[BlackElo "1786"]
[PlyCount "62"]
[Result "0-1"]

1.e4 {Nice to meet you. Good luck.}  g6 {We played 
already in 2002. Do you remember?? Nice to play 
again with you. Good luck!!}  2.d4 Bg7 3.c4 d6 
4.Nc3 Nf6 5.Bf4 O-O 6.Be2 c5 7.d5 a6 8.Nf3 b5 
9.cxb5 axb5 10.Nxb5 Nxe4 11.Bc1 Nd7 12.O-O Nb6 
13.Bd3 Nf6 14.a3 Nfxd5 15.Rb1 Qd7 16.Re1 Ba6 
17.Be4 Qxb5 18.Bxd5 Nxd5 19.Qxd5 Qd3 20.Qxd3 Bxd3 
21.Ra1 Ra7 22.Re3 c4 {Happy New Year from 
England!}  23.Ne1 Bf5 24.a4 d5 25.Ra2 Rfa8 26.Rea3 
Be5 27.a5 Bd6 28.Be3 Bxa3 29.Bxa7 Bb4 30.Nf3 Rxa7 
31.a6 Bc8 0-1

[Event "HCL-B3771"]
[Site "www.playchess.de"]
[Date "2006.01.22"]
[Round "36"]
[White "ama49"]
[Black "cioran"]
[WhiteElo "1193"]
[BlackElo "1214"]
[PlyCount "84"]
[Result "0-1"]

1.e4 {Greetings from Scotland}  e5 {Hello from 
Frankfurt}  2.Nf3 Nc6 3.d4 exd4 4.Nxd4 Nxd4 5.Qxd4 
Nf6 6.Nc3 b6 7.Bg5 h6 8.Bh4 Bc5 9.Qe5+ Kf8 10.Nd5 
Bd6 11.Qd4 c5 12.Qc3 Be7 13.O-O-O Bb7 14.Bc4 Nxd5 
15.Bxe7+ Nxe7 16.f3 Ng6 17.Qb3 Ne5 18.Rd2 Nxc4 
19.Qxc4 Bc6 20.Rhd1 Qe7 21.h3 Rd8 22.Qa6 d6 23.Qe2 
f6 24.R2d3 Bb5 25.Qe3 Bxd3 26.Qxd3 g5 27.g4 Kg7 
28.a3 Qe5 29.Qa6 Rd7 30.Qb5 Rhd8 31.Qf1 Qf4+ 
32.Kb1 d5 33.exd5 R7xd5 34.Rxd5 Rxd5 35.Qa6 Rd7 
36.Qb5 Re7 37.Qb3 Re3 38.Qd5 Qxf3 39.Qd7+ Kf8 
40.Qd6+ Kf7 41.Qd7+ Re7 42.Qc6 
Qxc6 0-1

[Event "HCL-C4035"]
[Site "www.playchess.de"]
[Date "2006.01.22"]
[Round "21"]
[White "donsimon"]
[Black "foxcar"]
[WhiteElo "1037"]
[BlackElo "1137"]
[PlyCount "64"]
[Result "0-1"]

1.e4 e5 2.b3 Bc5 3.Nf3 d5 4.Bb2 dxe4 5.Nxe5 e3 
6.dxe3 Qxd1+ {merry christmas!}  7.Kxd1 Be6 8.Nc3 
{thanks! And a Happy New  Year to you!}  f6 9.Nd3 
Bd6 10.h3 Nc6 11.Nf4 Bxf4 12.exf4 O-O-O+ 13.Bd3 
Nb4 14.Ke2 Nxd3 15.cxd3 Nh6 16.g4 Rhe8 17.Kd2 f5 
18.g5 Nf7 19.Nb5 Kb8 20.Bxg7 a6 21.Nc3 Rd7 22.Be5 
Red8 23.d4 Nxe5 24.fxe5 R7xd4+ 25.Kc2 R4d2+ 26.Kc1 
R2d3 27.Ne2 R3d2 28.Nf4 Bf7 29.f3 R2d4 30.Nh5 Bxh5 
31.Rf1 R4d3 32.g6 hxg6 0-1

[Event "HCL-E1484"]
[Site "www.playchess.de"]
[Date "2006.01.22"]
[Round "7"]
[White "Karpow"]
[Black "PRIMAK"]
[WhiteElo "1606"]
[BlackElo "1685"]
[PlyCount "95"]
[Result "0-1"]

1.e4 e6 2.Nf3 d5 3.exd5 exd5 4.h3 Nf6 5.Be2 Bd6 
6.d4 Bf5 7.O-O O-O 8.Bg5 Nbd7 9.Nc3 c6 10.Nh4 Be6 
11.Nf3 Qc7 12.Bd3 Rfe8 13.Qd2 h6 14.Be3 a5 15.a3 
Nb6 16.b3 Nbd7 17.Rfd1 b5 18.Ne2 a4 19.Nf4 Ne4 
20.Qc1 Bf5 21.Ne2 Qd8 22.Bf4 Qf6 23.Bxd6 Nxd6 
24.Bxf5 Qxf5 25.Ng3 Qf6 26.Qd2 Ne4 27.Nxe4 dxe4 
28.Nh2 Qd6 29.b4 f5 30.d5 Ne5 31.dxc6 Qxc6 32.Qd5+ 
Qxd5 33.Rxd5 Rab8 34.Nf1 f4 35.Nd2 e3 36.fxe3 fxe3 
37.Nf3 Nc4 38.Ne1 e2 39.Kf2 Rbc8 40.Rd4 Rc7 41.Rd3 
Rce7 42.Nf3 Nb2 43.Rd2 Nd1+ 44.Rdxd1 exd1Q 45.Rxd1 
R7e2+ 46.Kg1 Rxc2 47.Nd4 Rd8 48.Nxc2 0-1